| 000 | 01044nam a22003257a 4500 | ||
|---|---|---|---|
| 003 | CHAP | ||
| 005 | 20220329140911.0 | ||
| 008 | 971013s1981 r 00010 d | ||
| 010 | _a59520 | ||
| 011 | _a60492 | ||
| 035 | _a64654 | ||
| 040 | _cCHAP | ||
| 082 |
_a574.03 _bD56 1981 |
||
| 245 |
_aDictionary of biology _b: english, german, french, spanish |
||
| 250 | _a2 ed. rev. y aum. | ||
| 260 |
_aAmsterdam : _bElsevier, _c1981 |
||
| 300 | _a680 p. | ||
| 590 |
_aBATCH-UPD _b10 _c20130110 _lUCH01 _h0328 |
||
| 590 |
_aBATCH-UPD _b10 _c20130110 _lUCH01 _h2237 |
||
| 590 |
_aBATCH-UPD _b10 _c20130410 _lUCH01 _h0001 |
||
| 590 |
_aBATCH-UPD _b10 _c20130410 _lUCH01 _h1531 |
||
| 590 |
_aBATCH-UPD _b10 _c20130914 _lUCH01 _h0634 |
||
| 590 |
_aCONVERSION _b10 _c20130109 _lUCH01 _h1332 |
||
| 650 | 1 | 4 |
_aBiología _xDiccionarios. _912780 |
| 700 | 0 |
_aHaberkamp de Antón, Gisela. _952137 |
|
| 700 | 0 |
_aHaensch, Gunter. _952203 |
|
| 901 | _aBK | ||
| 942 | _cLIBRO | ||
| 949 |
_a574.03 D56 1981 _bBC _cC _d33724000494357 _eC _gI. 138627 _h71871 _i64654 _si _t121.68 |
||
| 999 |
_c59520 _d59520 |
||